000 01574cam a22004934i 4500
003 PE-LiUPU
005 20250731184512.0
008 150617s r 000 0 d
020 _a8470573896
035 _a(Sirsi) i9788470573897
040 _aPE-LiUPU
_bspa
_cPE-LiUPU
_erda
049 _aPRUA
082 0 4 _a922.22
_221
_bT273i
100 1 _aTellechea Idígoras, J. Ignacio,
_eautor.
245 1 0 _aIgnacio de Loyola :
_bsolo y a pie /
_cJ. Ignacio Tellechea Idígoras.
264 1 _aMadrid :
_bEdiciones Cristiandad,
_c1986.
300 _a404 páginas ;
_c20 centímetros
336 _atext
_2rdacontent
337 _aunmediated
_2rdamedia
338 _avolume
_2rdacarrier
490 0 _aReestructuradores de la Iglesia ;
_v3
505 0 _aDe Loyola a Loyola -- ¡Jerusalén! -- También Roma es Jerusalén.
526 _aP136
526 _aP135
526 _aP134
526 _aP133
526 _aP144
526 _aP143
526 _aP87
526 _aP35
526 _aP20
526 _aP14
526 _aP10
526 _aP06
600 1 _aIgnacio de Loyola, San
_d1491-1556
650 0 4 _aSantos
_xBiografías
910 _ajck
942 _2ddc
_cBOOK
949 _a922 T35
_wDEWEY
_c1
_i28896
_lCCODEBUL1
_mBUL
_r0
_sY
_tBOOK
_u2015-4-21
_xEDUCACION
_zUNKNOWN
_0COMPRA
_o.STAFF. Colección General
949 _a922 T35
_wDEWEY
_c2
_i28810
_lCCODEBUL1
_mBUL
_r0
_sY
_tBOOK
_u2015-4-21
_xEDUCACION
_zUNKNOWN
_0COMPRA
_o.STAFF. Colección General
980 _81
_gALBERTO SANCHEZ Responsable de Automatización
999 _c13960
_d13960